Canadian Provincial Coats of Arms Shields - Statistics

General Stats
  • This quiz has been taken 230 times
  • The average score is 10 of 13
Answer Stats
Picture Answer % Correct
Prince Edward Island
87%
Ontario
85%
Alberta
84%
Nunavut
82%
Quebec
81%
Saskatchewan
80%
New Brunswick
78%
Northwest Territories
78%
Nova Scotia
77%
British Columbia
76%
Manitoba
74%
Yukon
68%
Newfoundland and Labrador
65%
No matching quizzes found
Score Distribution
Percent of People with Each Score
Percentile by Number Answered
Your Score History
You have not taken this quiz